Statistics for Wolves Squad 2019-2020

Click here to take the quiz!

General Stats

  • This quiz has been taken 154 times
    (147 since last reset)
  • The average score is 16 of 22

Answer Stats

PositionNationNumberPlayer% Correct
CMPortugal28Joao Moutinho
95%
CMPortugal8Ruben Neves
95%
STMexico9Raul Jimenez
93%
CBEngland16Conor Coady
92%
RBIreland2Matt Doherty
92%
GKPortugal11Rui Patricio
92%
RWSpain37Adama Traore
90%
LWPortugal18Diogo Jota
86%
CDMBelgium32Leander Dendoncker
85%
CBFrance15Willy Boly
85%
LBSpain19Jonny
80%
CMMorocco27Romain Saiss
76%
CoachSao Tome-Nuno
75%
STItaly10Patrick Cutrone
75%
GKEngland21John Ruddy
72%
CMEngland17Morgan Gibbs-White
68%
LBPortugal29Ruben Vinagre
61%
CBEngland5Ryan Bennett
58%
CBSpain4Jesus Vallejo
53%
RWPortugal7Pedro Neto
47%
CMEngland49Maximilian Kilman
41%
CMPortugal6Bruno Jordao
23%

Score Distribution

Percentile by Number Answered

Percent of People with Each Score

Your Score History

You have not taken this quiz since the last reset